[Event "DVM U20w 2024"]
[Site "Sebnitz GER"]
[Date "2024.12.28"]
[Round "3"]
[White "Sickmann, Lisa"]
[Black "John, Linnea"]
[Result "1-0"]
[Termination "normal"]
[Board "1.1"]
[WhiteTitle "WFM"]
[WhiteElo "2251"]
[BlackElo "1712"]
[WhiteTeam "Lübecker SV 1873"]
[BlackTeam "SV Königsjäger Süd-West 2"]
[PlyCount "99"]
[WhiteFideId "16267818"]
[BlackFideId "34623680"]
[EventCountry "GER"]
[EventRounds "7"]
[EventType "team-swiss"]
[EventDate "2024.12.26"]

1. e4 c5 2. Nf3 Nc6 3. d4 cxd4 4. Nxd4 g6 5. Nc3 Bg7 6. Be3 Nf6 7. Nxc6 bxc6 8.
e5 Ng8 9. Bd4 Nh6 10. e6 O-O 11. Bxg7 Kxg7 12. Qd4+ f6 13. O-O-O d5 14. h4 Qb6
15. Qd2 Ng4 16. h5 g5 17. f3 Rb8 18. b3 Ne3 19. Na4 Nxf1 20. h6+ Kh8 21. Rdxf1
Qb4 22. Qxb4 Rxb4 23. Re1 f5 24. Nc5 Rb5 25. Nd7 Rd8 26. a4 Rb7 27. Nc5 Rb6 28.
Re5 f4 29. Rxg5 Rg8 30. Rhh5 Rg6 31. Rxg6 hxg6 32. Rh4 g5 33. Rh5 Kh7 34. Rxg5
Kxh6 35. Rf5 Rb4 36. c3 Rb6 37. Rxf4 Kg6 38. Rf8 Bxe6 39. Nxe6 Rxb3 40. Kc2 Ra3
41. Nc5 Ra2+ 42. Kd3 Kg7 43. Ne6+ Kg6 44. g4 Rxa4 45. f4 Ra1 46. f5+ Kh7 47. g5
Rg1 48. g6+ Rxg6 49. fxg6+ Kxg6 50. Ke3 1-0

[Event "DVM U20w 2024"]
[Site "Sebnitz GER"]
[Date "2024.12.28"]
[Round "3"]
[White "Rosin, Ida"]
[Black "Zhou, Leyi Charlotte"]
[Result "1-0"]
[Termination "normal"]
[Board "1.3"]
[WhiteElo "1611"]
[BlackElo "1578"]
[WhiteTeam "Lübecker SV 1873"]
[BlackTeam "SV Königsjäger Süd-West 2"]
[PlyCount "111"]
[WhiteFideId "16273214"]
[BlackFideId "16258100"]
[EventCountry "GER"]
[EventRounds "7"]
[EventType "team-swiss"]
[EventDate "2024.12.26"]

1. e4 e5 2. Nf3 Nc6 3. d4 exd4 4. Bc4 Nf6 5. O-O Bc5 6. e5 d5 7. exf6 dxc4 8.
Re1+ Be6 9. fxg7 Rg8 10. Ng5 Qf6 11. Nxe6 fxe6 12. Qh5+ Kd7 13. Qxc5 Qxg7 14.
g3 Raf8 15. Qxc4 Qf6 16. Re2 Kc8 17. Qxe6+ Qxe6 18. Rxe6 Rd8 19. Nd2 Nb4 20. c3
Nc2 21. Rb1 d3 22. Nf3 Rd5 23. Bd2 Rb5 24. b3 Rd5 25. a4 h5 26. Re5 Rgd8 27.
Rd1 R5d6 28. Bf4 Rc6 29. Bd2 Rf6 30. Nh4 Rdf8 31. Bf4 Rd6 32. Re7 Rb6 33. Rxc7+
Kd8 34. Rxd3+ Ke8 35. Rdd7 Rc6 36. Re7+ Kd8 37. Rxb7 Rxc3 38. Bd6 Ne1 39. Rxe1
Rg8 40. Rb8+ Kd7 41. Rxg8 Kc6 42. Rc8+ Kxd6 43. Rxc3 a5 44. Rd1+ Ke5 45. Re3+
Kf6 46. h3 Kg5 47. Rd5+ Kf6 48. Ree5 Kf7 49. Rd6 Kf8 50. Ng6+ Kg7 51. Nf4 Kf7
52. Rxa5 Ke7 53. Re6+ Kf7 54. Ra7+ Kf8 55. Ng6+ Kg8 56. Re8# 1-0

[Event "DVM U20w 2024"]
[Site "Sebnitz GER"]
[Date "2024.12.28"]
[Round "3"]
[White "Richter, Anastasia"]
[Black "Gossing, Marie-Sophie"]
[Result "1-0"]
[Termination "normal"]
[Board "1.4"]
[WhiteElo "1717"]
[BlackElo "1609"]
[WhiteTeam "SV Königsjäger Süd-West 2"]
[BlackTeam "Lübecker SV 1873"]
[PlyCount "27"]
[WhiteFideId "34659099"]
[BlackFideId "16217284"]
[EventCountry "GER"]
[EventRounds "7"]
[EventType "team-swiss"]
[EventDate "2024.12.26"]

1. e4 e5 2. Nf3 Nf6 3. Nxe5 d6 4. Nf3 Nxe4 5. Nc3 Nxc3 6. dxc3 Be7 7. Be3 Bg4
8. h3 Bh5 9. Qd2 Bxf3 10. gxf3 Qd7 11. O-O-O a6 12. Rg1 O-O 13. Bh6 Bf6 14.
Bxg7 1-0

[Event "DVM U20w 2024"]
[Site "Sebnitz GER"]
[Date "2024.12.28"]
[Round "3"]
[White "Adelhardt, Lisa"]
[Black "Falke, Ornella"]
[Result "1/2-1/2"]
[Termination "normal"]
[Board "2.1"]
[BlackTitle "WCM"]
[WhiteElo "1807"]
[BlackElo "2019"]
[WhiteTeam "SC Garching 1980"]
[BlackTeam "Elmshorner SC 1896"]
[PlyCount "67"]
[WhiteFideId "16235380"]
[BlackFideId "16207092"]
[EventCountry "GER"]
[EventRounds "7"]
[EventType "team-swiss"]
[EventDate "2024.12.26"]

1. e4 c5 2. Ne2 d6 3. d3 g6 4. g3 Bg7 5. Bg2 Nc6 6. c3 e5 7. Nd2 Nf6 8. Nc4 d5
9. exd5 Nxd5 10. f4 O-O 11. O-O Re8 12. fxe5 Nxe5 13. Nxe5 Rxe5 14. d4 cxd4 15.
Nxd4 Qe7 16. Qb3 Ne3 17. Bxe3 Rxe3 18. Rxf7 Qxf7 19. Bd5 Bxd4 20. Bxf7+ Kg7 21.
cxd4 Rxb3 22. Bxb3 Bg4 23. Re1 Rd8 24. Re7+ Kh6 25. Rxb7 Rxd4 26. Rxa7 Rd2 27.
Rf7 Rxb2 28. Rf2 Rb1+ 29. Kg2 Bd7 30. Rc2 Bf5 31. Rc4 Rb2+ 32. Kg1 Bd3 33. Rd4
Bb1 34. Rf4 1/2-1/2

[Event "DVM U20w 2024"]
[Site "Sebnitz GER"]
[Date "2024.12.28"]
[Round "3"]
[White "Evering, Enna"]
[Black "Alferova, Emily"]
[Result "1-0"]
[Termination "normal"]
[Board "2.2"]
[WhiteElo "1771"]
[BlackElo "1739"]
[WhiteTeam "Elmshorner SC 1896"]
[BlackTeam "SC Garching 1980"]
[PlyCount "105"]
[WhiteFideId "16218213"]
[BlackFideId "16265904"]
[EventCountry "GER"]
[EventRounds "7"]
[EventType "team-swiss"]
[EventDate "2024.12.26"]

1. e4 e5 2. Nf3 Nc6 3. d4 exd4 4. Nxd4 Nf6 5. Nxc6 bxc6 6. e5 Qe7 7. Qe2 Nd5 8.
c4 Ba6 9. b3 g6 10. Bb2 Bg7 11. Nd2 O-O 12. O-O-O f6 13. Qe4 f5 14. Qd4 Nb6 15.
f4 Qe6 16. Nf3 d6 17. h4 h5 18. Ng5 Qe8 19. g3 c5 20. Qe3 Bb7 21. Rg1 a5 22. a4
Qe7 23. Bg2 Bxg2 24. Rxg2 Rfe8 25. Re2 Rad8 26. Bc3 Ra8 27. Qd2 dxe5 28. fxe5
Rad8 29. Qe3 Rxd1+ 30. Kxd1 Rd8+ 31. Kc2 Ra8 32. Rd2 Bh6 33. e6 Bxg5 34. hxg5
Re8 35. Qe5 Kh7 36. Re2 Nc8 37. Bxa5 Nd6 38. Qf6 Ne4 39. Qf7+ Qxf7 40. exf7 Rf8
41. Bxc7 Nxg5 42. Bd6 Rxf7 43. Bxc5 Ne4 44. Bf2 g5 45. a5 Kg6 46. b4 Rb7 47. b5
Rc7 48. Kb3 Rd7 49. a6 Nxf2 50. Rxf2 Ra7 51. Ra2 h4 52. b6 Ra8 53. a7 1-0

[Event "DVM U20w 2024"]
[Site "Sebnitz GER"]
[Date "2024.12.28"]
[Round "3"]
[White "Frowein, Jamie"]
[Black "Margaryan, Susanna"]
[Result "1/2-1/2"]
[Termination "normal"]
[Board "2.3"]
[WhiteElo "1739"]
[BlackElo "1746"]
[WhiteTeam "SC Garching 1980"]
[BlackTeam "Elmshorner SC 1896"]
[PlyCount "82"]
[WhiteFideId "16282949"]
[BlackFideId "16268210"]
[EventCountry "GER"]
[EventRounds "7"]
[EventType "team-swiss"]
[EventDate "2024.12.26"]

1. c4 e6 2. Nf3 d5 3. e3 b6 4. cxd5 exd5 5. d4 Nf6 6. Nc3 Bb7 7. a3 a6 8. Be2
Bd6 9. O-O O-O 10. b4 Nbd7 11. Bb2 Ne4 12. Nxe4 dxe4 13. Ne5 Bxe5 14. dxe5 Qe7
15. Qd4 c5 16. Qd6 Rfe8 17. bxc5 bxc5 18. Rab1 Nf8 19. Rfc1 Ne6 20. Bc4 Qxd6
21. exd6 Rad8 22. Bxe6 Rxe6 23. Rxc5 Rexd6 24. Bd4 R6d7 25. h4 f6 26. Rb6 Re8
27. g4 Kf7 28. Rh5 h6 29. Rf5 Re6 30. Rxe6 Kxe6 31. Rc5 Rd5 32. Rc7 Rd7 33.
Rxd7 Kxd7 34. Bc5 Ke6 35. Kg2 Bc6 36. Kg3 Kf7 37. Kf4 g6 38. Kg3 Bd7 39. Bd4 f5
40. g5 hxg5 41. hxg5 Bc6 1/2-1/2

[Event "DVM U20w 2024"]
[Site "Sebnitz GER"]
[Date "2024.12.28"]
[Round "3"]
[White "Neitzel, Emma"]
[Black "Schmitt, Amelie"]
[Result "0-1"]
[Termination "normal"]
[Board "2.4"]
[WhiteElo "1522"]
[BlackElo "1640"]
[WhiteTeam "Elmshorner SC 1896"]
[BlackTeam "SC Garching 1980"]
[PlyCount "120"]
[WhiteFideId "16298373"]
[BlackFideId "34682481"]
[EventCountry "GER"]
[EventRounds "7"]
[EventType "team-swiss"]
[EventDate "2024.12.26"]

1. e4 c6 2. d4 d5 3. Nc3 dxe4 4. Nxe4 Nf6 5. Nxf6+ exf6 6. Nf3 Bd6 7. Be2 O-O
8. O-O Nd7 9. b3 Re8 10. Re1 Nf8 11. Bd3 Bg4 12. Rxe8 Qxe8 13. Be2 Rd8 14. h3
Bh5 15. Bb2 c5 16. Qe1 Qe4 17. dxc5 Bxc5 18. Rd1 Re8 19. Rd2 Bxf3 20. gxf3 Qxf3
21. Bxf3 Rxe1+ 22. Kg2 Re7 23. Rd8 b6 24. Rc8 f5 25. a4 h6 26. a5 Rd7 27. Bc3
Kh7 28. a6 Ne6 29. Rb8 Bd6 30. Rb7 Nc5 31. Rxd7 Nxd7 32. Bd5 f6 33. Be6 Nc5 34.
Bxf5+ g6 35. Bc8 Kg7 36. Bb7 h5 37. Bd4 Ne6 38. Be3 Bc5 39. Bxc5 Nxc5 40. b4
Ne6 41. b5 Kf7 42. c4 Ke7 43. Kf3 Kd6 44. Bc8 Nc5 45. Ke3 Kc7 46. Bb7 Nxb7 47.
axb7 Kxb7 48. Kd4 Kc7 49. Kd5 Kd7 50. c5 bxc5 51. Kxc5 g5 52. Kd5 h4 53. Ke4
Kd6 54. Kf5 Kc5 55. Kxf6 g4 56. hxg4 h3 57. g5 h2 58. g6 h1=Q 59. g7 Qf3+ 60.
Kg6 Qxf2 0-1

[Event "DVM U20w 2024"]
[Site "Sebnitz GER"]
[Date "2024.12.28"]
[Round "3"]
[White "Mai, Mariella"]
[Black "Othman, Beesan"]
[Result "1/2-1/2"]
[Termination "normal"]
[Board "3.1"]
[WhiteElo "1783"]
[BlackElo "1647"]
[WhiteTeam "SC Leipzig-Lindenau"]
[BlackTeam "SF Essen-Werden 1924/80"]
[PlyCount "81"]
[WhiteFideId "16281780"]
[BlackFideId "34640738"]
[EventCountry "GER"]
[EventRounds "7"]
[EventType "team-swiss"]
[EventDate "2024.12.26"]

1. Nf3 d5 2. b3 Nf6 3. Bb2 Bf5 4. e3 e6 5. Be2 Bd6 6. d3 O-O 7. Nbd2 Nbd7 8. c4
Re8 9. O-O c6 10. Nh4 Bg6 11. Nxg6 hxg6 12. d4 Qc7 13. h3 a5 14. a3 b6 15. Rc1
Rac8 16. Bd3 Qd8 17. Re1 Qe7 18. Ra1 e5 19. cxd5 cxd5 20. dxe5 Nxe5 21. Bb5
Red8 22. Nf3 Nxf3+ 23. Qxf3 Ne4 24. Bd3 Nc5 25. Qd1 Nxd3 26. Qxd3 Qh4 27. Red1
g5 28. Qf5 Rc5 29. Rd4 Qh6 30. Rad1 Qf6 31. Qxf6 gxf6 32. e4 Be5 33. R4d2 Bxb2
34. Rxb2 d4 35. Rbd2 Rb5 36. Rd3 Kf8 37. Kf1 Ke7 38. Ke2 Ke6 39. R1d2 Ke5 40.
Kf3 f5 41. exf5 1/2-1/2

[Event "DVM U20w 2024"]
[Site "Sebnitz GER"]
[Date "2024.12.28"]
[Round "3"]
[White "Kanno, Clara Yumi"]
[Black "Niesch, Sarah"]
[Result "1-0"]
[Termination "normal"]
[Board "3.2"]
[WhiteElo "1689"]
[BlackElo "1406"]
[WhiteTeam "SF Essen-Werden 1924/80"]
[BlackTeam "SC Leipzig-Lindenau"]
[PlyCount "105"]
[WhiteFideId "16259661"]
[BlackFideId "16211294"]
[EventCountry "GER"]
[EventRounds "7"]
[EventType "team-swiss"]
[EventDate "2024.12.26"]

1. d4 d5 2. Bf4 Nf6 3. e3 b6 4. Bd3 Bb7 5. c3 Nbd7 6. Nd2 e6 7. Ngf3 Ne4 8. O-O
c5 9. Bb5 a6 10. Ba4 b5 11. Bc2 h6 12. Nxe4 dxe4 13. Ne5 g5 14. Qh5 Rh7 15.
Nxd7 gxf4 16. Nxf8 Kxf8 17. Qxc5+ Kg8 18. exf4 Qh4 19. Qe5 Rg7 20. Bxe4 Bxe4
21. Qxe4 Re8 22. g3 Qg4 23. Qc6 Rd8 24. Rfe1 h5 25. Qc7 Re8 26. Re3 h4 27. Qc6
Rd8 28. Qf3 Qf5 29. Rc1 Rd5 30. Re5 Rxe5 31. dxe5 Kh7 32. Rd1 Kh6 33. Qe2 hxg3
34. fxg3 Rg6 35. Kf2 Qh3 36. Ke3 f6 37. exf6 Rxf6 38. Kd2 Qf5 39. Kc1 a5 40.
Qd3 Qc5 41. Qd4 Qf5 42. Re1 b4 43. Re5 Qg6 44. Rxa5 bxc3 45. Qxc3 e5 46. Qxe5
Rc6+ 47. Rc5 Kh7 48. Qe7+ Kh8 49. Qd8+ Kh7 50. Qd7+ Kh8 51. Rxc6 Qg8 52. Rh6+
Qh7 53. Qxh7# 1-0

[Event "DVM U20w 2024"]
[Site "Sebnitz GER"]
[Date "2024.12.28"]
[Round "3"]
[White "Ivanov, Helena"]
[Black "Claussen, Daniela"]
[Result "1/2-1/2"]
[Termination "normal"]
[Board "3.3"]
[WhiteElo "1089"]
[BlackElo "1470"]
[WhiteTeam "SC Leipzig-Lindenau"]
[BlackTeam "SF Essen-Werden 1924/80"]
[PlyCount "73"]
[WhiteFideId "34693378"]
[BlackFideId "16248929"]
[EventCountry "GER"]
[EventRounds "7"]
[EventType "team-swiss"]
[EventDate "2024.12.26"]

1. d4 e6 2. c4 b6 3. e4 Bb7 4. Bd3 f5 5. d5 Nf6 6. Bg5 h6 7. Bh4 Be7 8. Bxf6
Bxf6 9. Qh5+ Kf8 10. Nc3 Bxc3+ 11. bxc3 Qf6 12. Ne2 g6 13. Qf3 Ke7 14. O-O Na6
15. Rfe1 Raf8 16. exf5 gxf5 17. d6+ cxd6 18. Qxb7 Nc5 19. Qf3 e5 20. Nf4 e4 21.
Nd5+ Kd8 22. Nxf6 exf3 23. Re8+ Rxe8 24. Nxe8 Rxe8 25. Bxf5 fxg2 26. Kxg2 Re5
27. Bh3 Re4 28. Rd1 Re2 29. Rxd6 Rxf2+ 30. Kxf2 Ne4+ 31. Kf3 Nxd6 32. Bf1 Ke7
33. Kg4 Kf6 34. h4 Kg6 35. Bd3+ Kf6 36. Kh5 Kg7 37. Kg4 1/2-1/2

[Event "DVM U20w 2024"]
[Site "Sebnitz GER"]
[Date "2024.12.28"]
[Round "3"]
[White "Pikki, Daria"]
[Black "Hafermann, Lara"]
[Result "1-0"]
[Termination "normal"]
[Board "4.1"]
[WhiteElo "1807"]
[BlackElo "1726"]
[WhiteTeam "SV Königsjäger Süd-West"]
[BlackTeam "SC Borussia Lichtenberg"]
[PlyCount "97"]
[WhiteFideId "16281306"]
[BlackFideId "16298306"]
[EventCountry "GER"]
[EventRounds "7"]
[EventType "team-swiss"]
[EventDate "2024.12.26"]

1. d4 Nf6 2. c4 e6 3. Nc3 d5 4. cxd5 exd5 5. Bg5 Be7 6. e3 O-O 7. Bd3 c6 8. Qc2
Nbd7 9. Nf3 g6 10. O-O Ne8 11. Bxe7 Qxe7 12. Rab1 Ng7 13. b4 a6 14. Na4 Rb8 15.
Nc5 Nf6 16. a4 Bf5 17. Bxf5 Nxf5 18. b5 axb5 19. axb5 Ne4 20. Nxe4 Qxe4 21.
Qxe4 dxe4 22. Nd2 Nd6 23. bxc6 bxc6 24. Nb3 Rb5 25. Nc5 Rfb8 26. Rbc1 Rc8 27.
Rc2 Kf8 28. Rfc1 Ke7 29. Kf1 f5 30. h3 Nf7 31. Ra2 Rc7 32. Ra8 Nd8 33. g4 Rb6
34. Kg2 Ne6 35. Rh8 Kd6 36. Kg3 Rf7 37. Rc8 Rc7 38. Re8 Re7 39. Rxe7 Kxe7 40.
gxf5 gxf5 41. Nxe6 Kxe6 42. Rc5 Ra6 43. Re5+ Kd6 44. Rxf5 Ra1 45. Re5 Rb1 46.
Rxe4 c5 47. dxc5+ Kxc5 48. Re7 Rb6 49. Rxh7 1-0

[Event "DVM U20w 2024"]
[Site "Sebnitz GER"]
[Date "2024.12.28"]
[Round "3"]
[White "Hasselmann, Isabelle Sophia"]
[Black "Schmidt, Luise"]
[Result "1-0"]
[Termination "normal"]
[Board "4.2"]
[WhiteElo "1606"]
[BlackElo "1663"]
[WhiteTeam "SC Borussia Lichtenberg"]
[BlackTeam "SV Königsjäger Süd-West"]
[PlyCount "55"]
[WhiteFideId "16266951"]
[BlackFideId "16294475"]
[EventCountry "GER"]
[EventRounds "7"]
[EventType "team-swiss"]
[EventDate "2024.12.26"]

1. e4 e5 2. Qh5 Qe7 3. Bc4 Nf6 4. Qf3 d6 5. h3 Be6 6. Bxe6 Qxe6 7. Ne2 Nc6 8.
a3 g6 9. d3 Bg7 10. Nd2 O-O 11. O-O Nd7 12. Qg3 Ne7 13. f4 exf4 14. Nxf4 Qe5
15. Nc4 Qb5 16. Be3 Ne5 17. a4 Qd7 18. Nd2 N5c6 19. c3 d5 20. d4 dxe4 21. Nxe4
Nf5 22. Qg4 Qe8 23. Nd5 Qd8 24. Rxf5 f6 25. Ndxf6+ Bxf6 26. Rxf6 Rxf6 27. Bg5
h5 28. Qh4 1-0

[Event "DVM U20w 2024"]
[Site "Sebnitz GER"]
[Date "2024.12.28"]
[Round "3"]
[White "Haase, Maike"]
[Black "Kessen, Fanny"]
[Result "1-0"]
[Termination "normal"]
[Board "4.3"]
[WhiteElo "1649"]
[BlackElo "1663"]
[WhiteTeam "SV Königsjäger Süd-West"]
[BlackTeam "SC Borussia Lichtenberg"]
[PlyCount "93"]
[WhiteFideId "34619356"]
[BlackFideId "16217357"]
[EventCountry "GER"]
[EventRounds "7"]
[EventType "team-swiss"]
[EventDate "2024.12.26"]

1. e4 e5 2. Nf3 Nc6 3. d4 exd4 4. Bc4 Nf6 5. e5 d5 6. Bb5 Nd7 7. O-O Be7 8. Bf4
O-O 9. Bxc6 bxc6 10. Nxd4 Nb8 11. Nc3 c5 12. Nb3 d4 13. Qf3 c6 14. Rad1 Qb6 15.
Ne4 Rd8 16. Qg3 Kh8 17. e6 Bxe6 18. Bc7 Qb7 19. Bxd8 Bxd8 20. Nexc5 Qb6 21.
Nxe6 fxe6 22. Qe5 h6 23. Qxe6 Bf6 24. Qe8+ Kh7 25. Qe4+ Kh8 26. Rfe1 a5 27. Qg6
Na6 28. Re4 c5 29. Re8+ Rxe8 30. Qxe8+ Kh7 31. Qe4+ Kh8 32. Qe8+ Kh7 33. Qd7
Nb4 34. Qf5+ Kh8 35. Qxc5 Qxc5 36. Nxc5 Nxc2 37. a3 Be7 38. Nb3 a4 39. Nxd4
Nxd4 40. Rxd4 Bf6 41. Rxa4 Bxb2 42. Ra8+ Kh7 43. a4 Kg6 44. a5 Kf7 45. a6 Bd4
46. Rb8 Kf6 47. Rb7 1-0

[Event "DVM U20w 2024"]
[Site "Sebnitz GER"]
[Date "2024.12.28"]
[Round "3"]
[White "Benary, Annika"]
[Black "Altuve Medina, Victoria Isabella"]
[Result "0-1"]
[Termination "normal"]
[Board "4.4"]
[WhiteElo "1261"]
[BlackElo "1554"]
[WhiteTeam "SC Borussia Lichtenberg"]
[BlackTeam "SV Königsjäger Süd-West"]
[PlyCount "86"]
[WhiteFideId "533025550"]
[BlackFideId "3935639"]
[EventCountry "GER"]
[EventRounds "7"]
[EventType "team-swiss"]
[EventDate "2024.12.26"]

1. d4 d5 2. Nf3 Nf6 3. e3 e6 4. Bd3 Be7 5. O-O Nbd7 6. Nbd2 O-O 7. e4 dxe4 8.
Nxe4 Re8 9. c3 Nf8 10. Ne5 Ng6 11. Ng5 Rf8 12. Qf3 Qd5 13. Qh3 c5 14. Ng4 h5
15. Nxf6+ Bxf6 16. Be4 Qd6 17. Nf3 Nf4 18. Bxf4 Qxf4 19. Bc2 e5 20. Qg3 Qxg3
21. fxg3 exd4 22. cxd4 cxd4 23. Rad1 Rd8 24. Rd2 Bg4 25. h3 Bxf3 26. gxf3 Rd6
27. b3 Re8 28. Be4 b6 29. Rc1 Bg5 30. f4 Bxf4 31. gxf4 Rxe4 32. f5 Rd7 33. Rcd1
Kh7 34. Kg2 Kh6 35. Kf3 Re3+ 36. Kg2 d3 37. h4 Re2+ 38. Rxe2 dxe2 39. Re1 Rd2
40. a4 g5 41. hxg5+ Kxg5 42. Kf2 Kxf5 43. Rc1 Rd1 0-1

[Event "DVM U20w 2024"]
[Site "Sebnitz GER"]
[Date "2024.12.28"]
[Round "3"]
[White "Klahold, Rona"]
[Black "Chennupati, Lasya"]
[Result "1-0"]
[Termination "normal"]
[Board "5.1"]
[WhiteElo "1791"]
[BlackElo "1596"]
[WhiteTeam "SC Porta Westfalica 1950"]
[BlackTeam "SC Garching 1980 2"]
[PlyCount "119"]
[WhiteFideId "16222970"]
[BlackFideId "34646728"]
[EventCountry "GER"]
[EventRounds "7"]
[EventType "team-swiss"]
[EventDate "2024.12.26"]

1. d4 d5 2. c4 c6 3. Nf3 Nf6 4. e3 a6 5. Nbd2 b5 6. cxd5 cxd5 7. Bd3 Bg4 8. O-O
e6 9. a4 bxa4 10. Qxa4+ Nfd7 11. Ne5 Bh5 12. Bb5 Bd6 13. Nxd7 Nxd7 14. Nb3 Ra7
15. Nc5 Bxc5 16. dxc5 O-O 17. Bxd7 Qxd7 18. Qxd7 Rxd7 19. f3 Bg6 20. Rd1 Ra7
21. b4 Rb8 22. Rd4 f6 23. Bd2 Be8 24. Kf2 Bb5 25. Bc3 Rd7 26. e4 Rbd8 27. Rad1
Ba4 28. R1d2 Bb3 29. exd5 exd5 30. R4d3 Bc4 31. Rd4 Kf7 32. Rd1 Bb3 33. R1d2
Re7 34. Re2 Red7 35. Bb2 Bc4 36. Red2 Ke7 37. Ba3 Ke6 38. Rd1 Re8 39. Kg3 Rde7
40. Rxc4 dxc4 41. Rd6+ Ke5 42. Rxa6 Rb8 43. Ra5 Ree8 44. c6+ Ke6 45. Rc5 Ra8
46. Bc1 Ra4 47. Rxc4 Rc8 48. Bd2 g5 49. Rc2 Kd6 50. b5 Raa8 51. Bb4+ Kc7 52.
Rd2 Kb6 53. Rd5 Ra4 54. Bc3 Ra3 55. Bxf6 Rb3 56. Bd4+ Ka5 57. b6+ Ka6 58. Rd6
Rb1 59. b7 Rc7 60. Rd8 1-0

[Event "DVM U20w 2024"]
[Site "Sebnitz GER"]
[Date "2024.12.28"]
[Round "3"]
[White "Hofmeier, Viktoria"]
[Black "Duchstein, Anna"]
[Result "0-1"]
[Termination "normal"]
[Board "5.2"]
[WhiteElo "1587"]
[BlackElo "1716"]
[WhiteTeam "SC Garching 1980 2"]
[BlackTeam "SC Porta Westfalica 1950"]
[PlyCount "82"]
[WhiteFideId "34639675"]
[BlackFideId "16261372"]
[EventCountry "GER"]
[EventRounds "7"]
[EventType "team-swiss"]
[EventDate "2024.12.26"]

1. e4 c5 2. Nc3 a6 3. d4 cxd4 4. Qxd4 Nc6 5. Qd2 e6 6. b3 Bc5 7. Bb2 Nf6 8. f3
d6 9. O-O-O b5 10. Kb1 Nd7 11. a3 f6 12. b4 Nxb4 13. axb4 Bxb4 14. Nge2 Ne5 15.
Nd4 Bd7 16. Qe3 Rc8 17. Na2 Bc5 18. f4 Nc4 19. Bxc4 bxc4 20. Qc3 e5 21. fxe5
fxe5 22. Nf3 Qe7 23. Qxc4 Be6 24. Qa4+ Bd7 25. Qxa6 O-O 26. Nc3 Ra8 27. Qc4+
Be6 28. Nd5 Bxd5 29. Rxd5 Kh8 30. Nxe5 Rfc8 31. Rxc5 Rxc5 32. Nf7+ Kg8 33.
Nxd6+ Rxc4 34. Nxc4 Qb4 35. Ne3 Rb8 36. Nd1 Qxe4 37. Rg1 h6 38. Kc1 Qf4+ 39.
Kb1 Qxh2 40. Re1 Qxg2 41. Re7 Rb7 0-1

[Event "DVM U20w 2024"]
[Site "Sebnitz GER"]
[Date "2024.12.28"]
[Round "3"]
[White "Dieckmann, Luna"]
[Black "Muhina, Liana"]
[Result "0-1"]
[Termination "normal"]
[Board "5.3"]
[WhiteElo "1584"]
[BlackElo "1526"]
[WhiteTeam "SC Porta Westfalica 1950"]
[BlackTeam "SC Garching 1980 2"]
[PlyCount "68"]
[WhiteFideId "34607455"]
[BlackFideId "16266145"]
[EventCountry "GER"]
[EventRounds "7"]
[EventType "team-swiss"]
[EventDate "2024.12.26"]

1. d4 d5 2. Nf3 Nf6 3. e3 e6 4. Bd3 Be7 5. O-O O-O 6. Nbd2 Nbd7 7. b3 c5 8. Bb2
a6 9. a4 Qc7 10. Rc1 b5 11. axb5 axb5 12. Bxb5 Ba6 13. Bxa6 Rxa6 14. Qe2 Rc6
15. c4 Rb8 16. cxd5 Nxd5 17. dxc5 Rxc5 18. Rxc5 Qxc5 19. Rc1 Qa5 20. Nd4 Nb4
21. Ra1 Qc7 22. Qc4 Qb7 23. N4f3 Bf6 24. Bxf6 Nxf6 25. Qc5 Rc8 26. Qa7 Qxa7 27.
Rxa7 Rc1+ 28. Nf1 h6 29. Ra8+ Kh7 30. Rb8 Nd3 31. Rd8 Nd5 32. e4 N5f4 33. N3d2
Ne2+ 34. Kh1 Nxf2# 0-1

[Event "DVM U20w 2024"]
[Site "Sebnitz GER"]
[Date "2024.12.28"]
[Round "3"]
[White "Anaparthi, Aditi"]
[Black "Dieckmann, Phibie"]
[Result "1-0"]
[Termination "normal"]
[Board "5.4"]
[WhiteElo "1483"]
[BlackElo "1068"]
[WhiteTeam "SC Garching 1980 2"]
[BlackTeam "SC Porta Westfalica 1950"]
[PlyCount "121"]
[WhiteFideId "34620389"]
[BlackFideId "34607161"]
[EventCountry "GER"]
[EventRounds "7"]
[EventType "team-swiss"]
[EventDate "2024.12.26"]

1. e4 c5 2. Bc4 Nc6 3. Nc3 e6 4. Nf3 Nf6 5. O-O Nxe4 6. Nxe4 d5 7. Nxc5 dxc4 8.
Ne4 Be7 9. b3 b5 10. Bb2 O-O 11. Qe2 Ba6 12. a4 bxa4 13. Rxa4 Bb5 14. Raa1 Qd5
15. Nc3 Qc5 16. Ba3 Nb4 17. Nxb5 Qxb5 18. c3 Nc6 19. bxc4 Qb6 20. Bxe7 Nxe7 21.
Qe4 h6 22. d4 Qc7 23. Rfe1 Qxc4 24. Rac1 Nd5 25. Ne5 Qc7 26. c4 Rfc8 27. f4 Nf6
28. Qf3 Qd6 29. Red1 Rab8 30. f5 Rb4 31. fxe6 Qxe6 32. Qa3 Rb7 33. Re1 Qb6 34.
c5 Qb4 35. Qxb4 Rxb4 36. Red1 Nd5 37. c6 f6 38. Nd7 a5 39. Rc5 Ne7 40. d5 a4
41. Ra5 g5 42. Nxf6+ Kf7 43. Nd7 Kg6 44. Ne5+ Kf6 45. d6 Re4 46. d7 Rxe5 47.
Rxe5 Kxe5 48. c7 Rxc7 49. d8=Q Ra7 50. Re1+ Kf6 51. Rxe7 Rxe7 52. Qd4+ Kf5 53.
Qxa4 h5 54. Qb5+ Kf4 55. g3+ Kf3 56. Qf5+ Ke3 57. Qxg5+ Ke4 58. Qxe7+ Kd4 59.
Kf2 h4 60. gxh4 Kc4 61. Ke3 1-0